000 00694nam a2200181Ia 4500
008 100920s9999 xx 000 0 und d
082 _b65142
_a28 व 891,43 थ 92
100 _aआनन्द मुल्कराज.
245 _aभारत की लोक कथाएं.
260 _bसूचना और प्रसारण मन्त्रालय, भारत सरकार.
_c1992
300 _a39
_bसाधी
365 _b17
520 _aबा.वि.हिंदी.
630 _aभारत की लोक कथाएं.
650 _aबा.वि.हिंदी.
730 _aभारत की लोक कथाएं.
942 _cBOOK
999 _c708028
_d708025